=LDR 00000nam 2200000 4500 =001 INLIS000000000029626 =005 20130612131837 =008 ***********************************Ind** =035 ##$$0010-061300000029626 =041 ##$$a Ind =082 ##$$a F Rom K =090 ##$$a F Rom K, Kin d =100 ##$$a Kincaid, Eric =245 ##$$a Dongeng hutan, Eroc Kincaid =260 ##$$a 2000 $b Jakarta =300 ##$$a 32 hlm, ilus, 28 cm =650 ##$$a Fiksi anak-anak =850 ##$$a NBPNMAT